| 000 | 00763nam a22001577a 4500 | ||
|---|---|---|---|
| 999 |
_c61222 _d61222 |
||
| 005 | 20240109124105.0 | ||
| 008 | 240109s1986 ru ||||| |||| 00| 0 rus d | ||
| 041 | _arus | ||
| 080 | _a008(37/38) A-72 | ||
| 245 |
_aАнтичная культура Северного Причерноморья в первые века нашей эры : _bCборник научных трудов / _cред. В.А. Анохин. |
||
| 264 |
_aКиев: _bНаукова думка, _c1986. |
||
| 300 |
_a168 с.: _bил.; _c22 см. |
||
| 653 | _aჩრდილოეთ შავი ზღვის რეგიონის უძველესი კულტურა | ||
| 653 | _aსამეცნიერო ნაშრომები | ||
| 942 |
_2udc _cᲬᲘᲒᲜᲘ |
||